Pays par drapeaux-Difficile - Statistiques

Statistiques générales
  • Ce quiz a été pris 130 fois
  • Le résultat moyen est 8 sur 10
Statistiques - réponses
Par images Réponse % Correct
Barbade
94%
Lesotho
90%
Micronesie
90%
Papouasie Nouvelle Guinée
90%
Grenade
88%
Samoa
86%
Kiribati
85%
Rwanda
83%
Tadjikistan
79%
St Vincent et les Grenadines
21%
Aucun quiz correspondant
Distribution des résultats
% des personnes avec chaque résultat
Percentile par nombre de réponses
Votre historique - résultats
Vous n’avez pas pris ce quiz